Geography general knowledge-5 - Statistics

General Stats
  • This quiz has been taken 59 times
  • The average score is 14 of 30
Answer Stats
Question Answer % Correct
3) This Australian city is often called the worlds most remote large city Perth
86%
9) This major city started as a penal colony for prisonersin the late 1700s Sydney
86%
10) 2nd biggest city in Australia Melbourne
84%
12) Biggest city in NZ, but not its capital Auckland
80%
1) Massive sandstone monolithin the middle of the remote Australian desert Uluru
78%
16) The southernmost capital in the world Wellington
76%
2) Called Aotearoa in the Maori language New Zealand
73%
8) This island nation has over 800 indigenous languages Papua New Guinea
71%
6) This small island nation has no official capital,but its "city" is Yaren Nauru
67%
4) Name for the vast, remote area of centralQueensland and NT outback
65%
13) Koror and Ngerulmud are its main cities Palau
63%
21) This remote island nation is the only in the world thatsin 4 hemispheres Kiribati
61%
24) This small island nation is one of the least visited inthe world, aside Kiribati Tuvalu
55%
27) Guadalcanal is a large island in this nation Solomon Islands
51%
26) Famous theatrical arts complex in the harbor of Australias biggest city Sydney Opera House
49%
25) This island nation is a constitutional monarchy Tonga
47%
11) City in far north Queensland known as the gatewayto the Great Barrier Reef Cairns
45%
28) This US territory played a large role in WW2, its capitalis Hagatna Guam
43%
5) The Q1 tower, the highest in Australia, is locatedin this city Gold Coast
39%
15) French territory east of Australia, its capital is Noumea New Caledonia
39%
18) Biggest town in the remote outback of AustraliasNorthern Territory Alice Springs
35%
7) Popular resort island in French Polynesia northof Tahiti Bora Bora
27%
30) This island is a self governing NZ territory, its capitalis Alofi Niue
20%
22) Large open bay to the south of Western and SouthAustralia Great Australian Bight
10%
29) Matā'utu is the capital of this French collectivity Wallis and Futuna
10%
14) Largest island in Fiji Viti Levu
6%
17) Commercial center of the Southland region of NZ Invercargill
4%
23) Remote Australian island in the Tasman Sea off ofNSW, popular for its beaches and coral reefs Lord Howe
2%
20) Largest island in the Federated States of Micronesia Pohnpei
2%
19) Largest atoll in the Marshall Islands Kwajalein
0%
No matching quizzes found
Score Distribution
Percent of People with Each Score
Percentile by Number Answered
Your Score History
You have not taken this quiz